| 000 | 00733nam a2200241 a 4500 | ||
|---|---|---|---|
| 001 | 000013882 | ||
| 005 | 20200929163402.0 | ||
| 008 | 091130s1995 sp 000 p spa d | ||
| 020 | _a8420646652 | ||
| 040 |
_aDO-SdBNP _bspa _cBNPHU |
||
| 082 |
_a861.6 _bM149a |
||
| 100 | 1 |
_aMachado, Antonio, _d1875-1939 _924735 |
|
| 245 | 1 | 0 |
_aAntología poética / _cAntonio Machado ; introducción y selección de Arturo Ramoneda. |
| 260 |
_aMadrid : _bAlianza, _c1995. |
||
| 300 |
_a93, [3] p. ; _c15 cm. |
||
| 490 | 1 |
_aAlianza cien _v65 |
|
| 650 | 4 |
_aPoesía española _9631 |
|
| 650 | 4 |
_aLiteratura española _9632 |
|
| 700 | 1 |
_aRamoneda, Arturo, _eintrod. _931452 |
|
| 830 | 0 |
_aAlianza cien ; _v65 _912832 |
|
| 910 | _aWM | ||
| 049 | _aBNGR | ||
| 999 |
_c13488 _d13488 |
||